Game theory (Record no. 5902)

MARC details
000 -LEADER
fixed length control field 00401 a2200169 4500
001 - CONTROL NUMBER
control field 131420
003 - CONTROL NUMBER IDENTIFIER
control field OSt
005 - DATE AND TIME OF LATEST TRANSACTION
control field 20210913124656.0
008 - FIXED-LENGTH DATA ELEMENTS--GENERAL INFORMATION
fixed length control field
082 ## - DEWEY DECIMAL CLASSIFICATION NUMBER
Classification number 519.3
Item number B51G
100 1# - MAIN ENTRY--PERSONAL NAME
Personal name Binmore, Ken
245 1# - TITLE STATEMENT
Title Game theory
Statement of responsibility, etc by Ken Binmore
260 ## - PUBLICATION, DISTRIBUTION, ETC. (IMPRINT)
Place of publication, distribution, etc New york
Name of publisher, distributor, etc Oxford university press
Date of publication, distribution, etc 2007
300 ## - PHYSICAL DESCRIPTION
Extent 184p.
690 ## - LOCAL SUBJECT ADDED ENTRY--TOPICAL TERM (OCLC, RLIN)
Topical term or geographic name as entry element Game theory
942 ## - ADDED ENTRY ELEMENTS (KOHA)
Source of classification or shelving scheme Dewey Decimal Classification
Koha item type Books
Holdings
Withdrawn status Lost status Source of classification or shelving scheme Damaged status Not for loan Collection code Home library Current library Date acquired Source of acquisition Cost, normal purchase price Full call number Barcode Date last seen Price effective from Koha item type
    Dewey Decimal Classification     General Text Book Central University Of Rajasthan Central University Of Rajasthan 08/06/2012 ECO 165.00 519.3 B51G 7498 02/09/2020 02/09/2020 Books